[Event "Championnats de la Loire jeunes 2011 - B"]
[Site "Roanne"]
[Date "2011.10.23"]
[Round "5.4"]
[White "Moreira, Florian"]
[Black "Blanchin, Benjamin"]
[Result "1-0"]
[WhiteElo "1199"]
[BlackElo "1199"]
[PlyCount "81"]
[EventDate "2011.??.??"]

1. e4 e5 2. Nf3 Nc6 3. Bc4 Nf6 4. d4 exd4 5. Bg5 Bc5 6. Bd5 d3 7. Qxd3 O-O 8.
Bxc6 bxc6 9. O-O Re8 10. Qc4 h6 11. Qxc5 Ba6 12. Bxf6 gxf6 13. Re1 Qe7 14. Qxe7
Rxe7 15. Nc3 Rae8 16. g4 d5 17. exd5 cxd5 18. Nxd5 Rxe1+ 19. Nxe1 Bb7 20. Nxf6+
Kf8 21. Nxe8 Kxe8 22. Rd1 Bc8 23. Nd3 Bxg4 24. Re1+ Kd8 25. Ne5 Be6 26. Nxf7+
Bxf7 27. a4 a5 28. b4 axb4 29. a5 Bc4 30. Ra1 Bd5 31. a6 Kc8 32. a7 Ba8 33. c4
bxc3 34. Rc1 Kb7 35. Rxc3 Kxa7 36. f4 Be4 37. Rxc7+ Kb6 38. Rf7 Kc6 39. f5 Kd6
40. f6 Ke6 41. Re7+ 1-0

[Event "Championnats de la Loire jeunes 2011 - B"]
[Site "Roanne"]
[Date "2011.10.23"]
[Round "5.5"]
[White "Moreira, Valentin"]
[Black "Prando, Julien"]
[Result "1-0"]
[WhiteElo "1199"]
[BlackElo "1199"]
[PlyCount "65"]
[EventDate "2011.??.??"]

1. e4 e5 2. Nf3 d6 3. Bc4 Nh6 4. O-O Be7 5. Nc3 O-O 6. d4 d5 7. exd5 exd4 8.
Nxd4 Qd6 9. g3 Qf6 10. Ne4 Qe5 11. Re1 Bh3 12. Bf4 Qh5 13. Qxh5 Bg4 14. Qe5 Bb4
15. c3 Ba5 16. b4 Bb6 17. Qg5 Bxd4 18. cxd4 Bf5 19. Be5 f6 20. Nxf6+ Kf7 21.
d6+ Be6 22. Bxe6+ Kxe6 23. Rac1 Nc6 24. Bf4+ Ne5 25. Bxe5 gxf6 26. Bxf6+ Kxd6
27. Be7+ Kd7 28. Bxf8 Rxf8 29. Qg7+ Nf7 30. Qxf8 Ng5 31. Qf5+ Ne6 32. Qxe6+ Kd8
33. Qe8# 1-0

[Event "Championnats de la Loire jeunes 2011 - B"]
[Site "Roanne"]
[Date "2011.10.23"]
[Round "5.6"]
[White "Niceto, Pierrick"]
[Black "Adamek, Arthur"]
[Result "1-0"]
[WhiteElo "1199"]
[BlackElo "1199"]
[PlyCount "41"]
[EventDate "2011.??.??"]

1. e4 e5 2. Nf3 f6 3. Nc3 Nc6 4. Bb5 a6 5. Bc4 Nge7 6. O-O Ng6 7. d3 Bb4 8. Be3
Na5 9. a3 Bd6 10. b4 Nc6 11. b5 a5 12. bxc6 bxc6 13. Rb1 Ra7 14. Bxa7 c5 15.
Nd5 Ba6 16. Bxa6 c4 17. Rb8 Bxa3 18. Rxd8+ Kxd8 19. Bxc4 Ne7 20. Bc5 d6 21.
Bxa3 {le grand roque est impossible dans cette position} 1-0